000 00370nam a2200133Ia 4500
005 20260326100035.0
008 260326s9999||||xx |||||||||||||| ||und||
100 _aRendón Ortíz, Gilberto
245 0 _aEl Libro de las maravillas autómatas de juguete /
_cGilberto Rendón Ortíz
260 _bCastillo
300 _a94 p.
650 _aDISEÑO INDUSTRIAL
942 _cBK
999 _c6783
_d6783